Advances in missile guidance theory / (Record no. 68064)
[ view plain ]
| 000 -LEADER | |
|---|---|
| fixed length control field | 00975cam a2200277 a 4500 |
| 001 - CONTROL NUMBER | |
| control field | 735916 |
| 003 - CONTROL NUMBER IDENTIFIER | |
| control field | NUST - PNEC |
| 005 - DATE AND TIME OF LATEST TRANSACTION | |
| control field | 20170116181040.0 |
| 008 - FIXED-LENGTH DATA ELEMENTS--GENERAL INFORMATION | |
| fixed length control field | 980811s1998 vaua b 001 0 eng d |
| 010 ## - LIBRARY OF CONGRESS CONTROL NUMBER | |
| LC control number | 98194778 |
| 020 ## - INTERNATIONAL STANDARD BOOK NUMBER | |
| International Standard Book Number | 1563472759 |
| 040 ## - CATALOGING SOURCE | |
| Transcribing agency | LIBRARY |
| 082 00 - DEWEY DECIMAL CLASSIFICATION NUMBER | |
| Classification number | 623.4519 FRA |
| 100 2# - MAIN ENTRY--PERSONAL NAME | |
| Personal name | Ben-Asher, Joseph Z., |
| Dates associated with a name | 1955- |
| 245 10 - TITLE STATEMENT | |
| Title | Advances in missile guidance theory / |
| Statement of responsibility, etc. | Joseph Z. Ben-Asher and Isaac Yaesh. |
| 260 ## - PUBLICATION, DISTRIBUTION, ETC. | |
| Place of publication, distribution, etc. | Reston, Va. : |
| Name of publisher, distributor, etc. | American Institute of Aeronautics and Astronautics, |
| Date of publication, distribution, etc. | c1998. |
| 300 ## - PHYSICAL DESCRIPTION | |
| Extent | x, 200 p. : |
| Other physical details | ill. ; |
| Dimensions | 24 cm. + |
| 440 #0 - SERIES STATEMENT/ADDED ENTRY--TITLE | |
| Title | Progress in astronautics and aeronautics ; |
| Volume/sequential designation | v. 180 |
| 504 ## - BIBLIOGRAPHY, ETC. NOTE | |
| Bibliography, etc. note | Includes bibliographical references and index. |
| 650 #0 - SUBJECT ADDED ENTRY--TOPICAL TERM | |
| Topical term or geographic name entry element | Guided missiles |
| General subdivision | MIS |
| 650 #0 - SUBJECT ADDED ENTRY--TOPICAL TERM | |
| Topical term or geographic name entry element | Ballistic missiles |
| General subdivision | Guidance systems. |
| 700 1# - ADDED ENTRY--PERSONAL NAME | |
| Personal name | Yaesh, Isaac. |
| 906 ## - LOCAL DATA ELEMENT F, LDF (RLIN) | |
| a | 7 |
| b | cbc |
| c | copycat |
| d | 2 |
| e | ncip |
| f | 19 |
| g | y-gencatlg |
| 942 ## - ADDED ENTRY ELEMENTS (KOHA) | |
| Source of classification or shelving scheme | |
| Koha item type | Book |
| Withdrawn status | Lost status | Source of classification or shelving scheme | Damaged status | Not for loan | Permanent Location | Current Location | Shelving location | Date acquired | Total Checkouts | Full call number | Barcode | Date last seen | Price effective from | Koha item type |
|---|---|---|---|---|---|---|---|---|---|---|---|---|---|---|
| Pakistan Navy Engineering College (PNEC) | Pakistan Navy Engineering College (PNEC) | 623.4519 FRA | PNECLIB-026080 | 09/21/2015 | Book | |||||||||
| Pakistan Navy Engineering College (PNEC) | Pakistan Navy Engineering College (PNEC) | 623.4519 FRA | PNECLIB-025163 | 09/22/2015 | Book |
